000
00323nam a2200109Ia 4500
008
171204s9999 xx 000 0 und d
245
_a
Learning Cassandra for Administrators:
245
_c
Vijay Parthasarathy
260
_c
2013
650
_x
ADVANCED DATABASE SYSTEM
856
_u
http://down.ebook777.com/049/1782168176.pdf
999
_c
347083
_d
347083